[Event "EU-chT (Men) 13th"]
[Site "Leon"]
[Date "2001.11.10"]
[Round "5.2"]
[White "Kovalev, Andrei"]
[Black "Supatashvili, Khvicha"]
[Result "1-0"]
[WhiteElo "2539"]
[BlackElo "2515"]
[Annotator "Tyomkin,D"]
[PlyCount "73"]
[EventDate "2001.11.06"]
[EventType "team-swiss"]
[EventRounds "9"]
[EventCountry "ESP"]
[SourceTitle "CBM 086"]
[Source "ChessBase"]
[SourceDate "2002.02.05"]
[SourceVersion "1"]
[SourceVersionDate "2002.02.05"]
[SourceQuality "1"]
[WhiteTeam "Belarus"]
[BlackTeam "Georgia"]
[WhiteTeamCountry "BLR"]
[BlackTeamCountry "GEO"]

1. e4 c5 2. Nf3 d6 3. d4 cxd4 4. Nxd4 Nf6 5. Nc3 Nc6 6. Bg5 e6 7. Qd2 a6 8.
O-O-O Be7 9. Bxf6 gxf6 10. f4 Nxd4 11. Qxd4 b5 12. e5 d5 13. Kb1 Bb7 (13... Rg8
$1 {-according Fritz opening book, Rg8 is the best continuation for black;})
14. f5 {The most aggresive reply;} (14. Qe3 Qc7 15. Ne2 {Rechlis,G} (15. exf6
Bxf6 16. Ne2 (16. Nxd5 O-O-O $1 $17) 16... d4 17. Nxd4 O-O-O 18. Be2 (18. c3 $1
) 18... Qc5 19. c3 Bxg2 20. Rhg1 Bb7 21. Bf3 Rd7 22. Bxb7+ Kxb7 23. Qe4+ Qd5
24. Nxe6 $4 Qxe4+ {0-1 De la Paz,F-Vera,R/Cienfuegos 1997/CBM 58 ext (24)
White king is captured with check!}) 15... O-O-O 16. Nd4 Rhg8 17. exf6 Bxf6 18.
g3 Kb8 19. a4 bxa4 20. Qa3 Rd6 21. Qxa4 Rb6 {1/2-1/2 Fiorito,F-Braga,F/Villa
Gesell 1997/CBM 58/[Rechlis,G] (21)}) (14. Bd3 {Rechlis,G} Rc8 (14... b4 15.
exf6 Bxf6 16. Qxb4 $18) (14... f5 15. g4 fxg4 16. f5 $18) 15. f5 fxe5 16. Qxe5
Bf6 17. Qe1 Bxc3 (17... e5 18. Be4 $40) (17... Rxc3 18. bxc3 Qa5 19. fxe6 Bxc3
20. exf7+ Kf8 (20... Kd8 21. Qh4+ Kc8 22. Qe7) (20... Kd7 21. Bf5+) 21. Qe8+
Kg7 22. Qe7 $18) 18. bxc3 Qd7 19. fxe6 Qxe6 (19... fxe6 20. Qh4 $15) 20. Bf5)
14... fxe5 15. Qxe5 Bf6 16. Qg3 Qe7 17. fxe6 fxe6 18. Be2 {[%cal Ge2h5]} h5 {
In case of 0-0-0 white would transfer the bishop to h3-c8 diagonal putting
pressure on e6 pawn;} (18... O-O-O 19. Bg4 {[%csl Re6]} h5 20. Bh3 h4 21. Qf4
Bg7 $2 (21... Bxc3 22. bxc3 Rdf8 {[%cal Gf8f6]}) 22. Rhe1 $16 Rh6 23. a3 (23.
Qxh6 $5) 23... Rg6 24. Bxe6+ $1 Rxe6 25. Qg4 Rdd6 26. Rxe6 Qxe6 (26... Rxe6 27.
Re1 Kd7 28. Rxe6 Qxe6 29. Qxg7+ $18) 27. Qxg7 $18 {1-0 Kasparov,G-Ivanchuk,V/
Frankfurt 1998/CBM 65 ext (35)}) 19. a4 $1 {This move puts pressure on black's
position over the queenside and prevents black from castling to the queenside,
which is very important here; Black is quite safe in the following line:} (19.
Bf3 O-O-O 20. h4 b4 21. Ne2 e5 22. Nc1 Kb8 23. Nb3 Qc7 {1/2-1/2 Anand,
V-Kramnik,V/Wijk aan Zee NED 2000/The Week in Chess 272 (40)}) 19... h4 $146 {
New way for black in this position;} (19... Qg7 20. Qe3 Bxc3 21. Qxe6+ Qe7 22.
Qxe7+ Kxe7 23. bxc3 bxa4 24. Rd4 Rhc8 25. Rxa4 Rxc3 26. Bxh5 $16 {1-0 Navara,
D-Blehm,P/Aviles 2000/CBM 77 ext (41)}) (19... b4 20. Ne4 $1 dxe4 (20... Bh4 $2
21. Bxh5+ $1 Kd7 22. Qe5 $18 Rag8 23. g3 Bg5 24. Bg4 Rh6 25. Rhf1 Kc6 26. Rf7
Bf6 27. Rxf6 {1-0 Yoos,J-Vuckovic,B/Istanbul TUR 2000/The Week in Chess 314 
(27)}) 21. Qg6+ Qf7 22. Qxf7+ Kxf7 23. Rd7+ Kg6 24. Rxb7 a5 25. Rb6 $1 $16 {
[%csl Re4,Re6]} Rad8 26. Rxe6 (26. Rf1 $5) 26... Rhe8 27. Bxh5+ Kxh5 28. Rxf6
e3 29. Re1 Rd2 30. Rf3 b3 31. cxb3 e2 32. Rc3 $16 (32. Kc1 $2 Red8)) 20. Qg6+
Qf7 21. Qd3 O-O {Probably, the most resistant move;} (21... bxa4 22. Bg4 {
[%csl Re6][%cal Gh1e1]}) (21... Rg8 22. Rhf1 b4 23. Rf2 bxc3 24. Rdf1 {[%csl
Re6][%cal Gf2f6,Ye2h5] and white develops strong attack;}) 22. Bg4 b4 23. Qe2 (
23. Bxe6 $11 Qxe6 24. Qg6+ {but white has no more than perpetual check;}) 23...
e5 (23... Bc8 24. Na2 b3 25. cxb3 Rb8 26. Rd3 $14) 24. Ne4 $1 {[%mdl 2048]} Be7
(24... Qe7 {[%csl Yc5]} 25. Nxf6+ Rxf6 26. Rhe1 e4 27. Qe3 {[%csl Rb4,Rd5,Rh4]
[%cal Ge3g5] black has too many weaknesses here;}) ({White knight is
untouchable:} 24... dxe4 25. Rd7 $18 {[%csl Re4][%cal Gd7b7]}) 25. Nd2 {
[%csl Re5]} e4 (25... Bf6 26. Nb3 $1 Qe7 27. Bf5 {[%cal Ge2g4,Gb3a5]}) 26. Nb3
$16 {Now white knight has got access to some nice outposts like d4 and a5;} Kh8
27. Rhf1 Qg6 28. Na5 Bc6 (28... Rxf1 29. Rxf1 Bc8 30. Bxc8 Rxc8 31. Rd1 Rd8 32.
Nb3 $16 {[%csl Gd4]}) 29. Bh5 (29. Nxc6 Qxc6 30. Bf5 {[%cal Rd1d5,Ye3h5]} Rf6
31. Qg4 Rh6 32. Qf4 $16 {[%csl Yd5][%cal Rf4e5,Rd1d5]}) 29... Qe6 30. Nxc6 Qxc6
(30... Rxf1 31. Rxf1 Qxc6 32. Bf7 $18) 31. Bf7 $1 $18 {[%csl Rd5][%cal Re2h5]
Final blow- black can not protect d5 and prevent Qh5 at the same time;} Qh6 32.
Rxd5 Bg5 33. Qxe4 Qg7 34. Qg4 Bh6 (34... Rxf7 35. Rxf7 Qxf7 36. Rxg5 {[%cal
Rg5h5]}) 35. Qxh4 Ra7 36. Rd6 Kh7 {[%tqu "En","FInd the final move of this
game;","","","d6h6","",0,"d6h6","",0]} 37. Rxh6+ $1 (37. Rxh6+ Qxh6 38. Qe4+
Kg7 39. Qd4+ {[%cal Gd4a7] and white is up a bishop and couple of pawns;}) 1-0

[Event "Beersheba 16th"]
[Site "Beersheba"]
[Date "1997.02.27"]
[Round "4"]
[White "Dvoirys, Semen I"]
[Black "Avrukh, Boris"]
[Result "1-0"]
[WhiteElo "2590"]
[BlackElo "2520"]
[Annotator "Tyomkin,D"]
[PlyCount "117"]
[EventDate "1997.02.24"]
[EventType "tourn"]
[EventRounds "11"]
[EventCountry "ISR"]
[EventCategory "12"]
[SourceTitle "CBM 058"]
[Source "ChessBase"]
[SourceDate "1997.06.01"]
[SourceVersion "1"]
[SourceVersionDate "1997.06.01"]
[SourceQuality "1"]

1. e4 c5 2. Nf3 d6 3. d4 cxd4 4. Nxd4 Nf6 5. Nc3 Nc6 6. Bg5 e6 7. Qd2 a6 8.
O-O-O h6 9. Be3 Be7 10. f4 Nxd4 11. Bxd4 b5 12. Bd3 b4 13. Ne2 e5 14. Be3 Qa5
15. Kb1 O-O 16. Rhf1 (16. Ng3 $1 $146 {Tyomkin,D Other continuations lead to
the good position for black} Ng4 (16... Rd8 {Tyomkin,D} 17. Bc4 (17. Rhf1 {
=16.Raf1}) 17... Bg4 18. Rde1 d5 (18... Nxe4 19. Nxe4 d5 20. Qf2 $1 $16 {
[%cal Ge3b6]}) (18... Rac8 19. Bb3 d5 20. exd5 Nxd5 21. Qf2 $14 {[%cal Gb3f7]})
19. exd5 Nxd5 20. Qf2 $14) (16... Be6 $5 {Tyomkin,D}) 17. f5 $6 (17. Bg1 {
Tyomkin,D} Be6 18. b3 exf4 19. Qxf4 Bf6 (19... Bg5 20. Qxd6 Rfd8 21. Qb6 Qe5
22. Qc5) 20. Nf5 Bxf5 (20... g5 21. Qxg4 Qe5 22. Kc1 $1) 21. exf5 (21. Qxf5
Qxf5 (21... Qa3 $2 22. e5 {[%cal Gd3h7]}) (21... Ne5 22. Be3 $14) 22. exf5 Rfe8
$11) 21... Ne5 22. Be4 $14) (17. Bc4 {Tyomkin,D} Nxe3 18. Qxe3 Bg4 19. Rdf1 $14
) 17... Bb7 18. Qe2 (18. Bg1 d5) 18... Nxe3 19. Qxe3 d5 {1/2-1/2 Dvoirys,
S-Tyomkin,D/The 16th Festival Group A 1997 (43);CBM58}) (16. h3 {Tyomkin,D} Be6
(16... Rb8 17. fxe5 dxe5 18. g4 $10 {Luther-Khalifman, Hastings 1995/96}) (
16... Rd8 {Har Zvi,R} 17. g4 d5 $13) (16... Bb7 17. Ng3 $13) 17. Nc1 (17. b3 $5
) 17... exf4 (17... d5) 18. Bxf4 Nd7 {1/2-1/2 Dimitrov,V-Zontah,A,1995}) (16.
Rhe1 $6 {Kramnik Gutman: Laut W.Kramnik ist die zentrale Strategie von Huebner
hier weniger sinnvoll, aber mit 16.Thf1 oder mit 16.h3 konnte Weiß auch nichts
erreichen.} Rb8 (16... Rd8 17. c4 $1 bxc3 18. Qxc3 (18. Nxc3 Qc7 $13) 18...
Qxc3 (18... Qa4 $5 19. Bb6 Rd7 20. b3 Qa3) 19. Nxc3 Bb7 $10) 17. Nc1 (17. Ng3
Rd8 $132) (17. c4 bxc3 18. Nxc3 Rb4) (17. h3 $5 Rd8) 17... Rd8 (17... Qc7 $5
18. h3 Rd8 19. Qf2 (19. g4 d5 $1) (19. Bg1 $1 {Weiß verhindert den sofortigen
Gegenstoß im Zentrum d6-d5 und behält bessere Aussichten.}) 19... d5 20. fxe5
Nxe4 21. Bxe4 dxe4 22. Rxd8+ Bxd8 $13 23. Bf4 Be6 24. Rxe4 a5 $44) (17... Bg4
18. Nb3 Qc7 19. Rc1 exf4 20. Bxf4 $14) 18. Ba7 (18. h3 exf4 (18... d5 19. exd5
(19. Nb3 Qc7 20. fxe5 Nxe4) 19... Nxd5 (19... e4 20. Bc4) 20. Nb3 Qc7 21. fxe5
$13) 19. Bxf4 Be6 20. Nb3 Qa4 $10) 18... Rb7 (18... Ra8 $13 {Rechlis,G} 19. Bg1
Bg4 20. Nb3 Qc7 21. Rc1 a5 22. c3 bxc3 23. Rxc3 Qb7 $1 {Gutman} 24. Qc1 {
Mit zwei Drohungen: 26. Sxa5 oder 26.h3} Rdc8 25. f5 $2) 19. Bg1 Bg4 20. Nb3 (
20. Ne2 $1 {Rechlis,G} d5 $19 21. fxe5 dxe4 22. exf6 Bxf6 23. Qf4 exd3 24. Qxg4
dxc2+ 25. Kxc2 Qa4+ 26. Kc1 Rc7+ $13) 20... Qa4 21. Rc1 exf4 {Huebner-Kramnik/
Dortmund/1996/0-1/27/ ;CBM 54  Eine kritische Stellung in dieser von beiden
Großmeistern "optimal" gespielten Partie.}) 16... Rd8 $1 $146 {[%cal Gd8d2,
Rd6d5]} (16... Be6 {Tyomkin,D} 17. b3 d5 18. exd5 Nxd5 19. f5 $14) (16... Rb8
17. fxe5 dxe5 18. Ng3 $10 {Dvoirys-Serper, Novgorod 1995}) 17. Qe1 {[%cal
Re1g3]} (17. Ng3 {Tyomkin,D} Be6 18. b3 d5 {[%cal Gd8d2] typical sicilian move
in this structure} 19. Qe1 {=17.Qe1} (19. f5 $6 Bc8 {[%cal Gc8b7]}) (19. fxe5
$2 Nxe4 20. Bxe4 dxe4 21. Qf2 Qxe5 22. Bd4 Qd5 $17)) 17... Be6 18. b3 {[%cal
Re3c1]} d5 19. Ng3 (19. f5 $2 Bc8 20. Qg3 (20. Ng3 Bb7 $17) 20... dxe4 21. Bc4
Rxd1+ 22. Rxd1 Kf8 $17) (19. fxe5 $5 {Tyomkin,D} Nxe4 (19... dxe4 20. exf6 exd3
21. Rxd3 Rxd3 22. cxd3 Bxf6 23. Rxf6 $1 gxf6 24. Qg3+ $36) 20. Bxe4 dxe4 21.
Qg3 Kh8 (21... Kh7 22. Qf4 Bd5 23. Bb6 $1 $16 {[%cal Gd1d5,Gf4e4]}) 22. Nf4 Bf5
(22... Rxd1+ 23. Rxd1 Bf5 24. Rd5 Qc7 25. Rd2 $11 {[%cal Gf4d5]} (25. e6 {
[%cal Gf4g6]} Rc8 $1)) 23. Rxd8+ Rxd8 24. Nh5 Bg6 25. Nf4 Bf5 $11) (19. exd5 $6
Nxd5 20. Bc1 exf4 21. Bxf4 Bf6 $15) 19... exf4 $2 {Rechlis: Black eliminates
the tension in the center , thinking that it equalizes. However it is clear
that when the position is opened white pieces are much better placed to attack
the black king !} (19... Ng4 $5 {Tyomkin,D} 20. Bg1 (20. f5 $5 Bc8) 20... exf4
21. Rxf4 Bg5 (21... Bf6 22. exd5 Bc3 {Now white desides the game by the
brilliant attack} (22... Rxd5 23. Qxb4 $16) 23. Qe4 Qa3 {see this line with
treining annotation in the game Dvoirys-Tseitlin,Ma CBM58} (23... g6 24. dxe6
Qa3 25. exf7+ Kh8 26. Bd4+ (26. f8=Q+ $144))) 22. Rf1 Bf6 $40) (19... Bg4 $1
$146 {Tyomkin,D} 20. Rd2 (20. fxe5 {Tyomkin,D} Nxe4 21. Bxe4 dxe4 22. Rxd8+
Rxd8 23. Qf2 Qd5 $1 $15 (23... Qxe5 24. Qxf7+ Kh8 25. Bf4 $16)) 20... dxe4 $17
{1-0 Dvoirys,S-Tseitlin,M/The 16th Festival Group A 1997 (54)}) (19... d4 $140
{Rechlis,G} 20. Bc1 exf4 21. Bxf4 Ng4 22. e5 $132 Bg5 $1) 20. Bxf4 dxe4 21.
Nxe4 $14 {[%cal Rf4h6]} Nd5 22. Be5 Bf8 (22... Ne3 $5 {Tyomkin,D} 23. Qg3 $5 {
[%csl Re3,Rg7][%cal Ge5c7] Boris told me that during the game he was afraid of
this move} (23. Bxg7 Nxd1 24. Bxh6 (24. Qg3 Rxd3 $1 25. cxd3 Kh7) 24... Qh5 (
24... Rxd3 25. cxd3 Kh7 26. Bc1 $1 f5 (26... Nc3+ 27. Nxc3 bxc3 28. Qe4+ {
[%csl Ra8]}) 27. Qd2 $1 $18 {[%cal Gd2h6,Yf1f3,Yf3g3]}) 25. Qg3+ Bg4 (25... Qg4
26. Rxd1 $14) 26. Rxd1 Bh4 $1 {[%tqu "En","Guess the best move for White",
"This is not a tacktical blow.Try to think what will happen after 27...Bxg3;28.
Nf6+ Kh8;29.Nxh5 Bxh5;30.hxg3 and you'll find a move that you need in that
position","","d1h1","Have you read Nimtzovich lately?",20]} 27. Rh1 $3 Bxg3
$141 (27... f5 28. Bc4+) (27... Rac8 28. Qe3 $16) (27... Qxh6 28. Qxg4+ Kh8 (
28... Qg6 29. Nf6+) 29. Rf1) 28. Nf6+ Kh8 29. Nxh5 Be5 (29... Bxh5 30. hxg3 {
[%cal Gh1h8]}) 30. Bf4 $14 {_|_}) 23... g5 (23... Bg4 24. Bxg7 $1 (24. Bc7 Nxf1
(24... Qh5 25. Qxe3 Bxd1 26. Ng3 $18) 25. Rxf1 Rxd3 $1 26. cxd3 Qh5 $17 (26...
Qd5 27. Be5)) 24... Kxg7 25. Rde1 (25. Qxe3 Bxd1 26. Qg3+ Kh8 27. Rxf7 Bg5 28.
Nxg5 $1 (28. Nf6 $2 Bxc2+ $1 29. Bxc2 Rd1+ $1 30. Bxd1 Qf5+) (28. Rh7+ $2 Kxh7
29. Nxg5+ Kg7 30. Ne6+ Kf7 31. Qg6+ Ke7) (28. h4 $5) 28... Qxg5 29. Qc7 Kg8 30.
Rh7 Bxc2+ 31. Bxc2 Rd1+ 32. Bxd1 Qf5+ 33. Bc2 Qf1+ 34. Kb2 Qf6+ 35. Kc1 Qf1+
36. Bd1 $18) 25... Nxf1 26. Qxg4+ $16) 24. h4 (24. Bc7 Nxf1 25. Rxf1 Qd5 26.
Bxd8 Rxd8 27. h4 $14) 24... Nxf1 25. Rxf1 Rd5 (25... Rxd3 $2 26. cxd3 g4 27.
Nf6+ $18) 26. Bb2 $40 (26. hxg5 $2 Rxe5 27. gxh6+ Bg5)) 23. Qg3 Rac8 $2 (23...
Nc3+ $2 24. Nxc3 bxc3 25. Bxc3) (23... Kh8 $142 $1 {[%cal Gd5c3] I don't see
how white can improve his position} 24. Qh4 $140 Nc3+) 24. Nf6+ $1 (24. Rf6 $6
Nxf6 25. Nxf6+ Kh8 26. Nh5 (26. Qf4 Rxd3 $1) 26... f6 27. Nxf6 Bf5) 24... Nxf6
$2 (24... Kh8 $142 25. Nxd5 (25. Nh7 $2 Nc3+ 26. Bxc3 bxc3 $17) 25... Rxd5 26.
Rde1 $16 {[%cal Ge5b2,Ye1e6] The main idea of white is exchange sacrifice on
"e6",while black has to defend with exchange sacrifice on "d3" as you can see
in above mentioned variations.} Rcc5 27. Bb2 Rg5 {[%tqu "En","find the
brilliant winning continuation","read the last note again","","e1e6",
"Congratulations! Play a Rauser variations in your games!",10]} 28. Rxe6 $3
Rxg3 29. Rxh6+ Kg8 30. Bh7+ Kh8 31. Bg6+ Kg8 32. Bxf7#) 25. Rxf6 $1 {[%cal
Gf6e6,Gf6h6] Boris missed this simple capture} Rc5 26. Re1 Rdd5 27. Rxe6 {
[%csl Rg8][%cal Gd3h7]} Rxd3 $8 (27... fxe6 {Tyomkin,D} 28. Qg6 Rxe5 (28...
Rxd3 29. Qxe6+ $18) 29. Rf1 $18) 28. Qxd3 $18 fxe6 29. Bb2 $2 (29. Qe4 $1 {
[%csl Re6][%cal Ge5d4,Ge5d6]} Qb5 (29... Kh8 30. Bd4 Rd5 31. Qf4 $18 {[%csl
Re6][%cal Gf4f8,Gf4h6]}) 30. Bd6 $1 $18) 29... Rc6 30. Qe4 Qd5 31. Qxd5 exd5
$16 {[%csl Rd5][%cal Gb1c1,Gc1d2,Gd2d3] _|_ All black pawns are week and each
white piece is much better than opponent's.It gives white a big advantage in
this ending.The best chance of black is to get rook's ending with pawn
'd5'down.} 32. Kc1 Kf7 33. Rf1+ Ke8 34. Rf5 Rd6 35. Kd2 Be7 36. Kd3 (36. Bxg7
$2 Rg6) 36... g6 37. Rf2 Re6 38. Bg7 {[%cal Gd3d4]} Bc5 39. Bd4 Bd6 40. h3 Ke7
(40... h5 $142 {Greenfeld,A}) 41. Bg7 $1 g5 (41... Bc5 $2 42. Bf8+) (41... h5
42. Kd4 $18) 42. Kd4 Rg6 43. Be5 g4 44. h4 (44. Kxd5 Bxe5 45. Kxe5 gxh3 46.
gxh3 a5 {black has drawing chances in this rook's ending}) 44... g3 $2 (44...
Bxe5+ 45. Kxe5 g3 46. Rf3 (46. Rd2 Rf6 {[%cal Gf6f2]}) 46... Rc6 47. Rxg3 Rxc2
{Black missed good drawing chance} 48. Rg7+ Kf8 49. Rg6 Rxa2) 45. Re2 Ke6 46.
Bh8+ Kd7 47. Kxd5 $18 {Now everything is easy} Be7 48. Re4 Rd6+ 49. Kc4 Rd2 50.
Rd4+ Rxd4+ 51. Kxd4 Bxh4 52. Be5 h5 53. Kd5 Be7 54. Bxg3 Bf6 55. Bd6 Bc3 56.
Bc5 a5 57. Bb6 a4 58. bxa4 Kc8 59. Kc6 1-0

[Event "Canadian op"]
[Site "Kapuskasing"]
[Date "2004.07.17"]
[Round "9"]
[White "Kudrin, Sergey"]
[Black "Tyomkin, Dimitri"]
[Result "0-1"]
[WhiteElo "2541"]
[BlackElo "2498"]
[Annotator "Tyomkin,D"]
[PlyCount "70"]
[EventDate "2004.07.10"]
[EventType "swiss"]
[EventRounds "10"]
[EventCountry "CAN"]
[SourceTitle "CBM 101 Extra"]
[Source "ChessBase"]
[SourceDate "2004.09.01"]
[SourceVersion "2"]
[SourceVersionDate "2004.09.01"]
[SourceQuality "1"]

{This game is from round 9 vs GM Sergey Kudrin from States, one of very few
American GM's who participated in World Championship in Libya;} 1. e4 c5 2. Nf3
Nc6 3. d4 cxd4 4. Nxd4 Nf6 5. Nc3 d6 6. Bg5 e6 7. Qd2 a6 8. Be2 {Kudrin's
variation! This move doesn't look any dangerous, but Sergey scored many wins
against GMs in this line; I was well-prepared for this game and knew exactly
what to do-I spent over 2 hours with my coach Mark Tseitlin for this
particular line;} Be7 9. O-O-O O-O (9... Nxd4 10. Qxd4 Qa5 11. f4 O-O 12. e5
dxe5 13. fxe5 Nd5 14. Bxe7 Nxe7 15. Bd3 $1 {1-0 Kudrin,S-Finegold,B/
Connecticut 2000/EXT 2001 (41) and black can't develop;}) 10. f4 Qc7 11. Bxf6
gxf6 {[%cal Gg8h8,Yf8g8] The destruction of black's kingside isn't dangerous
for black- black can easily protect the king by Kh8 and Rg8; On the other hand,
black can get an attack on the queenside- typical situation for Rauzer
Sicilian;} (11... Bxf6 12. Nxc6 bxc6 (12... Qxc6 13. Qxd6 Qxd6 (13... Bxc3 14.
Qxc6 Bxb2+ 15. Kxb2 bxc6 16. Rd6 {and black going to fard hard for a draw in
this ending'}) 14. Rxd6 Bxc3 15. bxc3 b5 16. Rhd1 Bb7 17. R1d4 {with Rb6 or c4
coming;}) 13. Qxd6 Qb7 (13... Qxd6 14. Rxd6 Bxc3 15. bxc3 $16) 14. e5 Be7 15.
Qd4 (15. Qd3 $5) 15... Rb8 16. b3 Qc7 17. Ne4 c5 (17... Rb4 18. Qe3 Qa5 19. Kb1
{black doesn't have enough counterplay here;}) 18. Qe3 {this position is
playable for black, but I white's chances are better;}) 12. f5 {[%csl Yd6,Ye6,
Yf6,Yf7] Only this way white can fight for an advantage;} (12. Qe3 Kh8 13. Bf3
Rb8 14. Kb1 Nxd4 15. Rxd4 b5 16. Rhd1 b4 17. Ne2 a5 18. Ng3 a4 {and black must
be happy with results of the opening}) (12. Nf3 b5 13. Bd3 Bb7 14. Kb1 Rac8 {
black isn't any worse;}) 12... Nxd4 13. Qxd4 Kh8 14. Bh5 {White prevents Rg8
move;} (14. g4 b5 (14... Qc5 {endings are good for black in Sicilian in most
of cases;}) (14... Rg8 {[%cal Gc7c5] isn't really necessary since g5 is not a
big threat in view of Qc5!}) 15. Rhf1 Rb8 16. a3 Qc5 (16... Bd7 $2 17. g5 $1 {
[%csl Yd7][%cal Rd1d7] and black doesn't have Qc5 move;})) 14... b5 15. Rhf1 $1
$146 {New move and much stronger move than Qe3- the move Sergey played in his
game against Yermolinsky in 2001; White puts pressure on f6, also intends to
transfer rooks to the kingside via the 3rd rank;} (15. Qe3 Bb7 (15... b4 $5 16.
Ne2 Bb7 17. Bf3 Rfc8 {with appropriate counterplay;}) 16. Rhe1 (16. Qh6 {
the only dangerous line for black, but I checked it properly before the game;}
b4 17. Rd3 $1 {[%cal Yd3h3]} Rg8 (17... bxc3 18. Rh3 Rg8 19. Bg6 {[%csl Rh8]
and white wins;}) 18. Bxf7 Rg7 19. Bxe6 (19. Rg3 Rxf7 20. fxe6 Bf8 $1 21. Qf4
Rg7 22. Nd5 Bxd5 23. exd5 Rc8 {black must be safe here;}) 19... bxc3 20. Rxc3
Qa5 21. Rg3 Rg5 $1 22. Rh3 Rg7 23. Rg3 Rg5 $11 {Crazy line which ends by
repetition of moves! Would you like such a GM draw?}) (16. Rhf1 $5) 16... b4 {
1/2-1/2 Kudrin,S-Yermolinsky,A/Connecticut 2001/CBM 81 ext (16) draw was
agreed here, but black could definitely could try on;} (16... Rac8 17. a3 (17.
Qd4 d5 $1 {[%cal Rb5b4]}) 17... a5 {Dream position for black in Rauzer!}))
15... Bb7 {[%csl Re6] This logical move of black is actually a mistake in view
of 16.Bg4 move and e6 is vulnerable; Both 15...Bd7 or 15...Rb8 are better
choices for black- e6 remains protected in both cases;} (15... b4 16. Qxb4 d5
17. Qd4 $16) 16. Rd3 (16. Bg4 $1 Rg8 17. h3 Bc8 18. Ne2 $1 {[%csl Re6][%cal
Ye2d4,Gd4d3] then Qd3 and Nd4- typical plan in this structure- e6 is a target;}
(18. fxe6 fxe6 19. Rxf6 {doesn't give white any advantage;})) 16... b4 $1 {
[%mdl 64]} (16... Rac8 17. Rh3 $16 {[%cal Rf5e6,Yh5g6] with a threat fxe6 and
Bg6 then;}) 17. Qxb4 {White must accept the sacrifice;} (17. Ne2 d5 $17) 17...
a5 $1 (17... d5 18. Qd4 {black is definitely ok here too;}) 18. Qd4 (18. Qa4
Ba6 19. Nb5 Bxb5 (19... Qc6 $5 {the way to avoid draw, but chances are mutual
in this case;} 20. Rb3 d5 21. exd5 Qxd5) 20. Qxb5 Rab8 (20... Rfb8 21. Rc3 $1 {
[%cal Yb5b8,Gc7c3] Qxb8 is a check unlike in Rab8 line;}) 21. Qa6 (21. Qa4 Rb4
22. Qa3 d5 23. Qc3 Qxh2 $17 {[%csl Rg2,Rh5]}) 21... Ra8 22. Qb5 Rab8 $11) 18...
Ba6 19. g3 $6 {wastes important time; White should've started to attack e6
pawn- main weakness in black's position;} (19. fxe6 fxe6 20. Bg4 Qd7 21. Ne2 $1
{[%csl Re6][%cal Ge2f4] Nf4 next and white has full compensation for an
exchange;} (21. Nd5 Bxd3 22. Qxd3 f5 23. Nb6 Qa7 24. Nxa8 fxg4 25. Rxf8+ Bxf8
26. Qc3+ e5 27. Qc8 Qg1+ $17 {[%csl Ra8][%cal Rg1g2,Gg2f3]})) 19... Rab8 20.
Qe3 Bxd3 21. Qxd3 Qc5 22. Bg4 Rb4 $2 {[%cal Gf5e6,Yc5g5,Rf1f4,Yf4g4] I simply
missed that after fxe6 Qg5+ white has Rf4 move!} (22... d5 $1 23. fxe6 dxe4 24.
Nxe4 (24. Qxe4 Rxb2 $1 25. Na4 Qb5 {[%csl Rf1]}) 24... Qb6 25. b3 fxe6 $17) 23.
fxe6 Rfb8 24. b3 $2 {Nd5 and exf7 moves lead to a draw, while after the game
move black develops crushing attack;} (24. Nd5 Rxb2 25. Nxe7 fxe6 26. Bxe6 Rb1+
27. Kd2 Rxf1 28. Qxf1 Qd4+ 29. Qd3 Qf2+ 30. Qe2 Qd4+ $11) (24. exf7 Rxb2 25.
Kd2 Bf8 {[%cal Gf8h6]} 26. Rxf6 R8b4 27. Rf5 d5 {only move} 28. Rxd5 Qf2+ 29.
Qe2 Rd4+ 30. Rxd4 Qxd4+ 31. Qd3 Qf2+ 32. Qe2 Qd4+ {and white has nothing
better than the repetition here;}) 24... Rd4 25. Qe3 (25. Qf3 Rc8 26. Kb2 a4 {
same as in the game;}) 25... Rc8 {[%csl Yc2,Rc3]} 26. Kb2 {Only move;} (26. Rf3
fxe6 $19 27. Bxe6 Qa3+ 28. Kb1 Rxc3) 26... a4 27. Rf3 (27. a3 d5 {[%csl Ra3]
[%cal Ye7a3]} 28. exf7 axb3 (28... Qxa3+ 29. Kb1 axb3 30. Qxd4 Ra8 31. cxb3
Qa1+ 32. Kc2 Qxf1 33. exd5 $16) 29. Qxd4 Qxd4 30. Bxc8 bxc2 31. Kxc2 Qc4 $1 $19
{[%csl Rc8,Rf1]}) (27. exf7 a3+ $19) 27... a3+ 28. Kc1 {[%tqu "En","Black to
move and win","Open up your pieces!","","f6f5","White can capture f5 pawn 3
ways, but all of them lose!",10]} f5 $1 $19 {[%mdl 64] White can capture f5
pawn 3 ways, but all of them lose!} 29. Bxf5 (29. exf5 Rxg4 (29... Qxc3 30.
Qxc3 Bg5+ 31. Kb1 {[%cal Rc3h8,Yg4d1] and no mate over backrank;}) 30. Qxc5
dxc5 $1 {[%cal Gc8f8] Black needs the rook on a backrank;} (30... Rxc5 31. f6
Bf8 32. e7 Bh6+ 33. Kd1 Re5 {[%csl Ye7,Yf6] black is up a rook but white pawns
are annoying!}) 31. f6 Bd6 32. e7 Be5 $1 33. Re3 Bxc3 34. Rxc3 Rgg8 $1 $17 {
[%csl Rf6][%cal Gh7h6,Yh8h7,Yh7g6,Gc8c6] preventing Rxc5; The winning plan
here is h6 and Kh7-g6;}) (29. Rxf5 Rd1+ $1 {[%cal Rc5e3,Rc5c2]}) 29... fxe6 {
[%cal Ye7g5,Rg5c1] White can't move the bishop in view of Bg5;} 30. Qh6 exf5
31. exf5 Qe5 32. Re3 Bf8 33. Qg5 h6 34. Rxe5 hxg5 35. Re3 g4 {[%cal Rf8h6]} 0-1